Los médicos de antaño en el reino de Chile. La ciencia, la caridad, la beneficencia, la hijiene, los hospitales, los asilos, las maravillas i las barbaridades de nuestros mayores en materia de médicos i de medicina: Reseña histórica i crítica que comprende desde la fundación del Hospital del Socorro, 1556, hasta el establecimiento del Tribunal del Protomedicato en 27 de abril de 1830
সংরক্ষণ করুন:
| প্রধান লেখক: | , , |
|---|---|
| বিন্যাস: | গ্রন্থ |
| ভাষা: | স্প্যানিশ |
| প্রকাশিত: |
Santiago
Imprenta de la Librería del Mercurio
1877
Santiago Imprenta de El Independiente 1877 |
| সংস্করন: | 1a. ed |
| মালা: | Biblioteca del Centro Editorial
|
| বিষয়গুলি: | |
| ট্যাগগুলো: |
ট্যাগ যুক্ত করুন
কোনো ট্যাগ নেই, প্রথমজন হিসাবে ট্যাগ করুন!
|
MARC
| LEADER | 00000nam a2200000 a 4500 | ||
|---|---|---|---|
| 001 | UCJ4486 | ||
| 003 | CL-VaPUC | ||
| 008 | 070124e18770000cl |||||||||||||||||spa|d | ||
| 082 | 0 | 4 | |a 610.983 |b VIC |2 21 |
| 100 | |a Vicuña Mackenna, Benjamín, |d 1831-1886 |x Político e historiador |z Chile |e author |9 374 | ||
| 700 | 0 | |a Navarrete Escocería, Francisco |e author |9 508293 | |
| 700 | 0 | |a F. N. E |e author |9 508294 | |
| 245 | 1 | 4 | |a Los médicos de antaño en el reino de Chile. La ciencia, la caridad, la beneficencia, la hijiene, los hospitales, los asilos, las maravillas i las barbaridades de nuestros mayores en materia de médicos i de medicina: Reseña histórica i crítica que comprende desde la fundación del Hospital del Socorro, 1556, hasta el establecimiento del Tribunal del Protomedicato en 27 de abril de 1830 |
| 246 | 1 | 0 | |a Ensayo de química doméstica o, Tratado de las industrias caseras en lo que ellas tienen de desconocido i de censurable, bajo el punto de vista de la salud, de la comodidad i de la economía |
| 250 | |a 1a. ed | ||
| 300 | |a 459 p | ||
| 942 | |c BK | ||
| 945 | |d 20070124 00:00:00 |a rinostro | ||
| 260 | |a Santiago |b Imprenta de la Librería del Mercurio |c 1877 | ||
| 260 | |a Santiago |b Imprenta de El Independiente |c 1877 | ||
| 500 | |a Dos monografías empastadas en un volumen bajo el rótulo Quimica y Medicina; los datos de este registro corresponden al de Vicuña Mackenna. Publicidad comercial de librerías de la época | ||
| 600 | 0 | 7 | |a PROTOMEDICATO |2 CL-VaPUC |9 508295 |
| 600 | 0 | 7 | |a MOLINA, FRAY GABRIEL DE |2 CL-VaPUC |9 508296 |
| 600 | 0 | 7 | |a SIRENA, DIEGO DE LA |2 CL-VaPUC |9 508297 |
| 600 | 0 | 7 | |a OCHANDIANO Y VALENZUELA, AUGUSTO |2 CL-VaPUC |9 508298 |
| 600 | 0 | 7 | |a HOSPITAL DE SAN BORJA |2 CL-VaPUC |9 508299 |
| 650 | 0 | |a Medicina |9 258507 | |
| 650 | 0 | |a Médicos |9 339460 | |
| 650 | 0 | |a Historia de Chile |9 265473 | |
| 650 | 0 | |a Beneficencia |9 255180 | |
| 650 | 0 | |a Salud pública |9 258913 | |
| 650 | 7 | |a HIGIENE |2 CL-VaPUC |9 508300 | |
| 650 | 0 | |a Hospitales |9 335788 | |
| 650 | 0 | |a Asilos |9 508301 | |
| 650 | 7 | |a RECETARIO MEDICO |2 CL-VaPUC |9 508302 | |
| 650 | 0 | |a Anécdotas |9 313436 | |
| 650 | 7 | |a EXPOSITOS |2 CL-VaPUC |9 508303 | |
| 650 | 0 | |a Prostitución |9 344312 | |
| 650 | 7 | |a PESTE |2 CL-VaPUC |9 504766 | |
| 650 | 7 | |a LAZARETOS |2 CL-VaPUC |9 508304 | |
| 650 | 7 | |a DOCUMENTOS |2 CL-VaPUC |9 366450 | |
| 650 | 7 | |a FUENTES |2 CL-VaPUC |9 255666 | |
| 650 | 0 | |a Órdenes religiosas |9 257499 | |
| 650 | 0 | |a Agua potable |9 260375 | |
| 650 | 7 | |a BIBLIOGRAFIA |2 CL-VaPUC |9 256175 | |
| 650 | 0 | |a Publicidad |9 314572 | |
| 650 | 7 | |a LIBRERIAS |2 CL-VaPUC |9 393756 | |
| 650 | 0 | |a Química |9 259896 | |
| 650 | 7 | |a INDUSTRIA CASERA |2 CL-VaPUC |9 508305 | |
| 650 | 7 | |a TINTURA CAPILAR |2 CL-VaPUC |9 508306 | |
| 650 | 7 | |a TOCADOR |2 CL-VaPUC |9 508307 | |
| 650 | 7 | |a JABONES |2 CL-VaPUC |9 365645 | |
| 650 | 0 | |a Alimentos |9 256203 | |
| 650 | 7 | |a CONSERVACION |2 CL-VaPUC |9 259519 | |
| 650 | 7 | |a BEBIDAS |2 CL-VaPUC |9 259560 | |
| 650 | 0 | |a Combustibles |9 271720 | |
| 650 | 0 | |a Vajilla |9 508308 | |
| 650 | 7 | |a CUCHILLERIA |2 CL-VaPUC |9 508309 | |
| 650 | 0 | |a Pinturas |9 347968 | |
| 650 | 7 | |a INSECTICIDAS |2 CL-VaPUC |9 262975 | |
| 650 | 7 | |a RATICIDAS |2 CL-VaPUC |9 508310 | |
| 650 | 0 | |a Control de plagas |9 327373 | |
| 650 | 7 | |a MORTEROS |2 CL-VaPUC |9 262664 | |
| 650 | 0 | |a Metalurgia |9 263720 | |
| 650 | 0 | |a Materiales de construcción |9 260197 | |
| 650 | 7 | |a BASURAS Y DESPERDICIOS |2 CL-VaPUC |9 508311 | |
| 650 | 7 | |a PEGAMENTOS |2 CL-VaPUC |9 508312 | |
| 583 | |a last modification |c 20171018 12:56:56 |k Rodrigo Vera | ||
| 490 | 0 | |a Biblioteca del Centro Editorial | |
| 999 | |c 320602 |d 320600 | ||
| 952 | |0 0 |1 0 |4 0 |6 610_983000000000000_VIC_1877_1877 |7 0 |8 X |9 399150 |a FDOBUD |b FDOBUD |d 2019-11-22 |i 1018698 |o 610.983 VIC 1877 1877 |p 1018698 |r 2019-11-22 |w 2019-11-22 |y BK_X |k BUD | ||